[Event "XLIV Memoriał Szachowy Ludwika Zamenhofa 2025, Grupa B"]
[Site "Bialystok, Poland"]
[Date "2025.12.31"]
[Round "9.10"]
[White "Fukowski, Pawel"]
[Black "Zareba, Maciej"]
[Result "1-0"]
[TimeControl "90'+30\""]
[WhiteElo "1997"]
[BlackElo "1890"]

1. e4 {[%clk 01:30:53]} {[%emt 00:00:07]} e5 {[%clk 01:30:36]} {[%emt
00:00:23]} 2. f4 {[%clk 01:30:36]} {[%emt 00:00:48]} exf4 {[%clk 01:30:58]}
{[%emt 00:00:07]} 3. Nf3 {[%clk 01:30:58]} {[%emt 00:00:09]} g5 {[%clk
01:31:12]} {[%emt 00:00:16]} 4. Nc3 {[%clk 01:30:42]} {[%emt 00:00:46]} g4
{[%clk 01:30:58]} {[%emt 00:00:44]} 5. Ne5 {[%clk 01:30:15]} {[%emt 00:00:57]}
Qh4+ {[%clk 01:31:14]} {[%emt 00:00:14]} 6. g3 {[%clk 01:30:20]} {[%emt
00:00:25]} fxg3 {[%clk 01:31:35]} {[%emt 00:00:08]} 7. Qxg4 {[%clk 01:29:58]}
{[%emt 00:00:53]} g2+ {[%clk 01:31:48]} {[%emt 00:00:16]} 8. Qxh4 {[%clk
01:30:14]} {[%emt 00:00:15]} gxh1=Q {[%clk 01:32:02]} {[%emt 00:00:17]} 9. Qh5
{[%clk 01:30:21]} {[%emt 00:00:22]} Nh6 {[%clk 01:30:07]} {[%emt 00:02:25]} 10.
d4 {[%clk 01:30:02]} {[%emt 00:00:48]} d6 {[%clk 01:28:49]} {[%emt 00:01:50]}
11. Bxh6 {[%clk 01:28:30]} {[%emt 00:02:01]} dxe5 {[%clk 01:23:46]} {[%emt
00:05:32]} 12. Qxe5+ {[%clk 01:26:08]} {[%emt 00:02:53]} Be6 {[%clk 01:24:07]}
{[%emt 00:00:09]} 13. Qxh8 {[%clk 01:26:17]} {[%emt 00:00:22]} Nd7 {[%clk
01:24:32]} {[%emt 00:00:04]} 14. Bxf8 {[%clk 01:26:01]} {[%emt 00:00:46]} O-O-O
{[%clk 01:24:31]} {[%emt 00:00:31]} 15. Qxh7 {[%clk 01:22:09]} {[%emt
00:04:23]} Nxf8 {[%clk 01:22:48]} {[%emt 00:02:11]} 16. Qh6 {[%clk 01:19:23]}
{[%emt 00:03:18]} Qf3 {[%clk 01:16:39]} {[%emt 00:06:38]} 17. Rd1 {[%clk
01:16:25]} {[%emt 00:03:28]} Ng6 {[%clk 01:16:14]} {[%emt 00:00:55]} 18. Rd3
{[%clk 01:06:59]} {[%emt 00:09:56]} Qf6 {[%clk 01:11:18]} {[%emt 00:05:25]} 19.
d5 {[%clk 01:03:17]} {[%emt 00:04:13]} Rh8 {[%clk 01:09:01]} {[%emt 00:02:47]}
20. Qe3 {[%clk 01:01:59]} {[%emt 00:01:48]} Bd7 {[%clk 01:07:09]} {[%emt
00:02:22]} 21. Qxa7 {[%clk 01:01:07]} {[%emt 00:01:22]} Qh4+ {[%clk 01:04:39]}
{[%emt 00:03:00]} 22. Rg3 {[%clk 00:58:05]} {[%emt 00:03:32]} Kd8 {[%clk
01:04:08]} {[%emt 00:01:01]} 23. Qf2 {[%clk 00:56:26]} {[%emt 00:02:08]} Qxh2
{[%clk 00:58:36]} {[%emt 00:06:03]} 24. Qxh2 {[%clk 00:56:16]} {[%emt
00:00:40]} Rxh2 {[%clk 00:58:59]} {[%emt 00:00:07]} 25. Be2 {[%clk 00:55:20]}
{[%emt 00:01:26]} Ne5 {[%clk 00:57:18]} {[%emt 00:02:11]} 26. a4 {[%clk
00:54:10]} {[%emt 00:01:40]} Rh1+ {[%clk 00:56:01]} {[%emt 00:01:46]} 27. Kd2
{[%clk 00:54:04]} {[%emt 00:00:37]} Rh2 {[%clk 00:56:10]} {[%emt 00:00:21]} 28.
b3 {[%clk 00:54:08]} {[%emt 00:00:26]} Bg4 {[%clk 00:55:21]} {[%emt 00:01:18]}
29. Ke3 {[%clk 00:54:02]} {[%emt 00:00:37]} Bd7 {[%clk 00:54:28]} {[%emt
00:01:22]} 30. a5 {[%clk 00:52:38]} {[%emt 00:01:56]} Ng6 {[%clk 00:54:18]}
{[%emt 00:00:39]} 31. b4 {[%clk 00:52:48]} {[%emt 00:00:21]} Rh1 {[%clk
00:54:30]} {[%emt 00:00:18]} 32. b5 {[%clk 00:52:26]} {[%emt 00:00:51]} Ra1
{[%clk 00:54:19]} {[%emt 00:00:40]} 33. a6 {[%clk 00:52:32]} {[%emt 00:00:26]}
bxa6 {[%clk 00:54:45]} {[%emt 00:00:04]} 34. bxa6 {[%clk 00:52:59]} {[%emt
00:00:03]} Bc8 {[%clk 00:55:05]} {[%emt 00:00:09]} 35. Bh5 {[%clk 00:52:10]}
{[%emt 00:01:19]} Rxa6 {[%clk 00:53:48]} {[%emt 00:01:47]} 36. Bxg6 {[%clk
00:51:52]} {[%emt 00:00:49]} fxg6 {[%clk 00:54:04]} {[%emt 00:00:13]} 37. Kd4
{[%clk 00:52:03]} {[%emt 00:00:19]} Ke7 {[%clk 00:54:15]} {[%emt 00:00:19]} 38.
Ke5 {[%clk 00:52:03]} {[%emt 00:00:30]} Bd7 {[%clk 00:54:19]} {[%emt 00:00:26]}
39. Ne2 {[%clk 00:52:07]} {[%emt 00:00:26]} Be8 {[%clk 00:54:06]} {[%emt
00:00:43]} 40. Nd4 {[%clk 00:51:44]} {[%emt 00:00:53]} Ra2 {[%clk 00:53:14]}
{[%emt 00:01:23]} 41. Rc3 {[%clk 00:51:40]} {[%emt 00:00:34]} Ra7 {[%clk
00:52:15]} {[%emt 00:01:28]} 42. Rh3 {[%clk 00:49:51]} {[%emt 00:02:19]} Ra2
{[%clk 00:52:00]} {[%emt 00:00:45]} 43. Rh7+ {[%clk 00:49:41]} {[%emt
00:00:40]} Bf7 {[%clk 00:51:57]} {[%emt 00:00:33]} 44. c4 {[%clk 00:50:04]}
{[%emt 00:00:07]} Ra4 {[%clk 00:51:26]} {[%emt 00:01:02]} 45. c5 {[%clk
00:50:19]} {[%emt 00:00:14]} Rc4 {[%clk 00:50:36]} {[%emt 00:01:20]} 46. Nc6+
{[%clk 00:50:18]} {[%emt 00:00:32]} Kf8 {[%clk 00:50:42]} {[%emt 00:00:23]} 47.
Nd8 {[%clk 00:50:34]} {[%emt 00:00:15]} Rxc5 {[%clk 00:49:56]} {[%emt
00:01:17]} 48. Rxf7+ {[%clk 00:50:13]} {[%emt 00:00:50]} Ke8 {[%clk 00:50:20]}
{[%emt 00:00:05]} 49. Rf8+ {[%clk 00:50:33]} {[%emt 00:00:09]} Kxf8 {[%clk
00:50:18]} {[%emt 00:00:32]} 50. Ne6+ {[%clk 00:50:58]} {[%emt 00:00:05]} Ke7
{[%clk 00:50:29]} {[%emt 00:00:19]} 51. Nxc5 {[%clk 00:51:23]} {[%emt
00:00:04]} g5 {[%clk 00:50:54]} {[%emt 00:00:06]} 52. Kf5 {[%clk 00:51:42]}
{[%emt 00:00:11]} g4 {[%clk 00:51:13]} {[%emt 00:00:11]} 53. Kxg4 {[%clk
00:52:08]} {[%emt 00:00:04]} Kd6 {[%clk 00:51:41]} {[%emt 00:00:03]} 54. Nd3
{[%clk 00:52:28]} {[%emt 00:00:09]} c5 {[%clk 00:52:08]} {[%emt 00:00:03]} 55.
Nxc5 {[%clk 00:52:42]} {[%emt 00:00:15]} Ke5 {[%clk 00:52:16]} {[%emt
00:00:24]} 56. Nd3+ {[%clk 00:53:02]} {[%emt 00:00:09]} Kd6 {[%clk 00:52:40]}
{[%emt 00:00:06]} 57. Kf5 {[%clk 00:53:29]} {[%emt 00:00:03]} Ke7 {[%clk
00:53:05]} {[%emt 00:00:05]} 58. e5 {[%clk 00:53:48]} {[%emt 00:00:11]} Ke8
{[%clk 00:53:26]} {[%emt 00:00:09]} 59. Ke6 {[%clk 00:54:09]} {[%emt 00:00:09]}
Kd8 {[%clk 00:53:53]} {[%emt 00:00:04]} 60. d6 {[%clk 00:54:34]} {[%emt
00:00:05]} Ke8 {[%clk 00:54:19]} {[%emt 00:00:03]} 61. d7+ {[%clk 00:54:54]}
{[%emt 00:00:11]} Kd8 {[%clk 00:54:45]} {[%emt 00:00:04]} 62. Nb4 {[%clk
00:55:03]} {[%emt 00:00:20]} Kc7 {[%clk 00:55:07]} {[%emt 00:00:08]} 63. Ke7
{[%clk 00:55:28]} {[%emt 00:00:05]} Kb6 {[%clk 00:55:30]} {[%emt 00:00:07]} 64.
d8=Q+ {[%clk 00:55:44]} {[%emt 00:00:13]} Kb7 {[%clk 00:55:56]} {[%emt
00:00:04]} 65. Kd6 {[%clk 00:55:37]} {[%emt 00:00:37]} Ka7 {[%clk 00:56:21]}
{[%emt 00:00:06]} 66. Nd5 {[%clk 00:56:00]} {[%emt 00:00:07]} Kb7 {[%clk
00:56:44]} {[%emt 00:00:07]} 67. Qb6+ {[%clk 00:56:22]} {[%emt 00:00:08]} Kc8
{[%clk 00:57:05]} {[%emt 00:00:10]} 68. Ne7# {[%clk 00:56:47]} {[%emt
00:00:04]} 1-0

[Event "XLIV Memoriał Szachowy Ludwika Zamenhofa 2025, Grupa B"]
[Site "Bialystok, Poland"]
[Date "2025.12.31"]
[Round "9.11"]
[White "Rajlich, Vaclav"]
[Black "Mykhaliuk, Mykhailo"]
[Result "1/2-1/2"]
[TimeControl "90'+30\""]
[WhiteElo "1985"]
[BlackElo "1775"]

1. e4 {[%clk 01:30:58]} {[%emt 00:00:02]} e5 {[%clk 01:21:22]} {[%emt
00:09:39]} 2. Nf3 {[%clk 01:31:24]} {[%emt 00:00:03]} Nc6 {[%clk 01:21:20]}
{[%emt 00:00:33]} 3. Bb5 {[%clk 01:31:52]} {[%emt 00:00:02]} f5 {[%clk
01:21:34]} {[%emt 00:00:16]} 4. Nc3 {[%clk 01:32:19]} {[%emt 00:00:03]} fxe4
{[%clk 01:21:16]} {[%emt 00:00:48]} 5. Nxe4 {[%clk 01:32:44]} {[%emt 00:00:04]}
Nf6 {[%clk 01:21:34]} {[%emt 00:00:12]} 6. Qe2 {[%clk 01:33:12]} {[%emt
00:00:03]} Nxe4 {[%clk 01:21:03]} {[%emt 00:01:00]} 7. Qxe4 {[%clk 01:33:36]}
{[%emt 00:00:06]} Qf6 {[%clk 01:21:25]} {[%emt 00:00:09]} 8. d4 {[%clk
01:32:46]} {[%emt 00:01:20]} Qe7 {[%clk 01:11:18]} {[%emt 00:10:37]} 9. dxe5
{[%clk 01:31:17]} {[%emt 00:02:00]} Qb4+ {[%clk 01:11:09]} {[%emt 00:00:38]} 10.
Qxb4 {[%clk 01:31:41]} {[%emt 00:00:05]} Bxb4+ {[%clk 01:11:21]} {[%emt
00:00:18]} 11. Bd2 {[%clk 01:31:15]} {[%emt 00:00:57]} Be7 {[%clk 01:11:26]}
{[%emt 00:00:24]} 12. O-O {[%clk 01:31:10]} {[%emt 00:00:36]} O-O {[%clk
01:11:38]} {[%emt 00:00:17]} 13. c3 {[%clk 01:30:48]} {[%emt 00:00:53]} Rxf3
{[%clk 01:11:08]} {[%emt 00:01:00]} 14. gxf3 {[%clk 01:31:08]} {[%emt
00:00:11]} Nxe5 {[%clk 01:11:31]} {[%emt 00:00:06]} 15. Be2 {[%clk 01:31:17]}
{[%emt 00:00:20]} d5 {[%clk 01:11:18]} {[%emt 00:00:44]} 16. Rfe1 {[%clk
01:31:20]} {[%emt 00:00:27]} Bd6 {[%clk 01:10:49]} {[%emt 00:00:56]} 17. f4
{[%clk 01:31:14]} {[%emt 00:00:38]} Ng6 {[%clk 01:10:45]} {[%emt 00:00:32]} 18.
Bf3 {[%clk 01:31:02]} {[%emt 00:00:44]} c6 {[%clk 01:10:49]} {[%emt 00:00:27]}
19. Re8+ {[%clk 01:31:26]} {[%emt 00:00:06]} Kf7 {[%clk 01:10:27]} {[%emt
00:00:51]} 20. Rae1 {[%clk 01:31:49]} {[%emt 00:00:07]} Be7 {[%clk 01:09:49]}
{[%emt 00:01:09]} 21. f5 {[%clk 01:29:46]} {[%emt 00:02:34]} Kxe8 {[%clk
01:05:38]} {[%emt 00:04:40]} 22. fxg6 {[%clk 01:30:11]} {[%emt 00:00:05]} h6
{[%clk 01:05:52]} {[%emt 00:00:17]} 23. c4 {[%clk 01:29:48]} {[%emt 00:00:53]}
Kf8 {[%clk 01:05:38]} {[%emt 00:00:43]} 24. cxd5 {[%clk 01:29:22]} {[%emt
00:00:55]} Bf5 {[%clk 01:05:10]} {[%emt 00:00:58]} 25. dxc6 {[%clk 01:29:03]}
{[%emt 00:00:50]} bxc6 {[%clk 01:05:13]} {[%emt 00:00:27]} 26. Bxc6 {[%clk
01:28:46]} {[%emt 00:00:47]} Rb8 {[%clk 01:05:15]} {[%emt 00:00:28]} 27. Bf4
{[%clk 01:26:55]} {[%emt 00:02:07]} Rb6 {[%clk 01:04:30]} {[%emt 00:01:29]} 28.
Bd6 {[%clk 01:20:50]} {[%emt 00:06:29]} Rxc6 {[%clk 01:04:46]} {[%emt
00:00:19]} 29. Bxe7+ {[%clk 01:21:17]} {[%emt 00:00:04]} Kg8 {[%clk 01:04:50]}
{[%emt 00:00:25]} 30. Bd6 {[%clk 01:21:23]} {[%emt 00:00:21]} Bxg6 {[%clk
01:05:02]} {[%emt 00:00:22]} 31. Be5 {[%clk 01:21:21]} {[%emt 00:00:31]} Bf7
{[%clk 01:05:19]} {[%emt 00:00:14]} 32. a3 {[%clk 01:21:30]} {[%emt 00:00:21]}
a6 {[%clk 01:04:53]} {[%emt 00:00:55]} 33. Kg2 {[%clk 01:20:56]} {[%emt
00:01:03]} Bd5+ {[%clk 01:04:37]} {[%emt 00:00:48]} 34. Kg3 {[%clk 01:21:00]}
{[%emt 00:00:25]} Kf7 {[%clk 01:03:25]} {[%emt 00:01:42]} 35. Rd1 {[%clk
01:17:47]} {[%emt 00:03:44]} Be6 {[%clk 01:02:25]} {[%emt 00:01:29]} 36. Bc3
{[%clk 01:16:57]} {[%emt 00:01:22]} g5 {[%clk 01:02:15]} {[%emt 00:00:39]} 37.
h4 {[%clk 01:15:14]} {[%emt 00:02:14]} Kg6 {[%clk 01:02:02]} {[%emt 00:00:42]}
38. Re1 {[%clk 01:12:51]} {[%emt 00:02:53]} Bf7 {[%clk 00:59:41]} {[%emt
00:02:51]} 39. Re7 {[%clk 01:12:45]} {[%emt 00:00:36]} Bb3 {[%clk 00:59:21]}
{[%emt 00:00:46]} 40. f4 {[%clk 01:10:08]} {[%emt 00:03:12]} gxh4+ {[%clk
00:59:22]} {[%emt 00:00:29]} 41. Kxh4 {[%clk 01:10:26]} {[%emt 00:00:11]} Kf5
{[%clk 00:59:20]} {[%emt 00:00:31]} 42. Bd2 {[%clk 01:06:22]} {[%emt 00:04:36]}
Be6 {[%clk 00:56:52]} {[%emt 00:02:58]} 43. Kg3 {[%clk 01:04:24]} {[%emt
00:02:27]} Rd6 {[%clk 00:56:17]} {[%emt 00:01:05]} 44. Bc3 {[%clk 01:03:47]}
{[%emt 00:01:08]} Rd3+ {[%clk 00:54:32]} {[%emt 00:02:14]} 45. Kf2 {[%clk
01:04:02]} {[%emt 00:00:14]} h5 {[%clk 00:54:21]} {[%emt 00:00:42]} 46. Ra7
{[%clk 00:57:50]} {[%emt 00:06:42]} h4 {[%clk 00:53:31]} {[%emt 00:01:19]} 47.
Rxa6 {[%clk 00:57:05]} {[%emt 00:01:17]} h3 {[%clk 00:53:40]} {[%emt 00:00:20]}
48. Kg1 {[%clk 00:55:57]} {[%emt 00:01:38]} Re3 {[%clk 00:47:46]} {[%emt
00:06:20]} 49. Ra5+ {[%clk 00:54:39]} {[%emt 00:01:54]} Kg4 {[%clk 00:46:06]}
{[%emt 00:02:09]} 50. Rg5+ {[%clk 00:50:00]} {[%emt 00:05:10]} Kxf4 {[%clk
00:45:17]} {[%emt 00:01:18]} 51. Bd2 {[%clk 00:50:13]} {[%emt 00:00:17]} Kxg5
{[%clk 00:45:32]} {[%emt 00:00:13]} 52. Bxe3+ {[%clk 00:50:38]} {[%emt
00:00:07]} Kg4 {[%clk 00:45:17]} {[%emt 00:00:37]} 53. Bc5 {[%clk 00:48:03]}
{[%emt 00:03:13]} Bb3 {[%clk 00:45:24]} {[%emt 00:00:23]} 54. Kf2 {[%clk
00:47:33]} {[%emt 00:01:00]} Kf4 {[%clk 00:45:09]} {[%emt 00:00:44]} 55. Bd6+
{[%clk 00:48:00]} {[%emt 00:00:04]} Ke4 {[%clk 00:45:17]} {[%emt 00:00:22]} 56.
Ke2 {[%clk 00:47:39]} {[%emt 00:00:52]} Kd5 {[%clk 00:45:30]} {[%emt 00:00:16]}
57. Bh2 {[%clk 00:48:03]} {[%emt 00:00:06]} Kc4 {[%clk 00:45:28]} {[%emt
00:00:30]} 58. Kd2 {[%clk 00:47:34]} {[%emt 00:01:02]} Kb5 {[%clk 00:45:49]}
{[%emt 00:00:09]} 59. Kc3 {[%clk 00:47:56]} {[%emt 00:00:08]} Ka4 {[%clk
00:46:12]} {[%emt 00:00:06]} 60. Bd6 {[%clk 00:48:09]} {[%emt 00:00:17]} Be6
{[%clk 00:46:28]} {[%emt 00:00:15]} 61. Be5 {[%clk 00:46:15]} {[%emt 00:02:23]}
Bb3 {[%clk 00:46:41]} {[%emt 00:00:17]} 62. Kd4 {[%clk 00:46:39]} {[%emt
00:00:06]} Bf7 {[%clk 00:46:52]} {[%emt 00:00:18]} 63. b4 {[%clk 00:46:36]}
{[%emt 00:00:35]} Be8 {[%clk 00:47:02]} {[%emt 00:00:19]} 64. Bd6 {[%clk
00:46:48]} {[%emt 00:00:19]} Bb5 {[%clk 00:47:08]} {[%emt 00:00:24]} 65. Kc5
{[%clk 00:47:06]} {[%emt 00:00:12]} Be2 {[%clk 00:47:23]} {[%emt 00:00:14]} 66.
Kd4 {[%clk 00:47:16]} {[%emt 00:00:21]} 1/2-1/2

[Event "XLIV Memoriał Szachowy Ludwika Zamenhofa 2025, Grupa B"]
[Site "Bialystok, Poland"]
[Date "2025.12.31"]
[Round "9.12"]
[White "Krzyzosiak, Marta"]
[Black "Kicinska, Anna"]
[Result "1/2-1/2"]
[TimeControl "90'+30\""]
[WhiteElo "1793"]
[BlackElo "1901"]

1. d4 {[%clk 01:30:57]} {[%emt 00:00:02]} Nf6 {[%clk 01:30:57]} {[%emt
00:00:04]} 2. Nc3 {[%clk 01:31:18]} {[%emt 00:00:08]} d5 {[%clk 01:29:05]}
{[%emt 00:02:22]} 3. Bf4 {[%clk 01:31:37]} {[%emt 00:00:11]} a6 {[%clk
01:28:31]} {[%emt 00:01:04]} 4. e3 {[%clk 01:31:59]} {[%emt 00:00:08]} g6
{[%clk 01:27:32]} {[%emt 00:01:30]} 5. h4 {[%clk 01:30:13]} {[%emt 00:02:15]}
h5 {[%clk 01:26:34]} {[%emt 00:01:29]} 6. Nf3 {[%clk 01:29:39]} {[%emt
00:01:03]} Bg7 {[%clk 01:15:42]} {[%emt 00:11:22]} 7. Ne5 {[%clk 01:19:48]}
{[%emt 00:10:21]} c5 {[%clk 01:13:13]} {[%emt 00:03:00]} 8. dxc5 {[%clk
01:10:51]} {[%emt 00:09:28]} Qa5 {[%clk 01:06:21]} {[%emt 00:07:21]} 9. Qd2
{[%clk 01:07:11]} {[%emt 00:04:10]} O-O {[%clk 00:57:02]} {[%emt 00:09:49]} 10.
Ne4 {[%clk 00:44:28]} {[%emt 00:23:13]} Qxd2+ {[%clk 00:54:25]} {[%emt
00:03:07]} 11. Nxd2 {[%clk 00:44:53]} {[%emt 00:00:05]} Nfd7 {[%clk 00:53:55]}
{[%emt 00:00:59]} 12. Nxd7 {[%clk 00:30:32]} {[%emt 00:14:51]} Nxd7 {[%clk
00:54:15]} {[%emt 00:00:11]} 13. O-O-O {[%clk 00:30:54]} {[%emt 00:00:08]} Nxc5
{[%clk 00:51:42]} {[%emt 00:03:04]} 14. Nb3 {[%clk 00:29:19]} {[%emt 00:02:04]}
Na4 {[%clk 00:47:39]} {[%emt 00:04:33]} 15. c3 {[%clk 00:28:06]} {[%emt
00:01:43]} e5 {[%clk 00:46:08]} {[%emt 00:02:01]} 16. Bg3 {[%clk 00:26:40]}
{[%emt 00:01:54]} Be6 {[%clk 00:45:28]} {[%emt 00:01:12]} 17. f4 {[%clk
00:24:25]} {[%emt 00:02:45]} f6 {[%clk 00:36:54]} {[%emt 00:09:03]} 18. Bd3
{[%clk 00:21:14]} {[%emt 00:03:40]} Kh7 {[%clk 00:34:58]} {[%emt 00:02:28]} 19.
fxe5 {[%clk 00:18:52]} {[%emt 00:02:52]} fxe5 {[%clk 00:35:22]} {[%emt
00:00:05]} 20. Rhf1 {[%clk 00:18:59]} {[%emt 00:00:22]} Rfc8 {[%clk 00:32:39]}
{[%emt 00:03:14]} 21. Bc2 {[%clk 00:15:48]} {[%emt 00:03:41]} b5 {[%clk
00:27:18]} {[%emt 00:05:52]} 22. Kb1 {[%clk 00:14:50]} {[%emt 00:01:27]} Nb6
{[%clk 00:26:08]} {[%emt 00:01:40]} 23. e4 {[%clk 00:14:28]} {[%emt 00:00:52]}
Bg4 {[%clk 00:20:17]} {[%emt 00:06:21]} 24. Rde1 {[%clk 00:05:34]} {[%emt
00:09:24]} dxe4 {[%clk 00:18:05]} {[%emt 00:02:42]} 25. Bxe4 {[%clk 00:05:39]}
{[%emt 00:00:25]} Rab8 {[%clk 00:16:27]} {[%emt 00:02:08]} 26. Rf7 {[%clk
00:04:50]} {[%emt 00:01:19]} Nd7 {[%clk 00:14:46]} {[%emt 00:02:11]} 27. Nd2
{[%clk 00:04:11]} {[%emt 00:01:08]} Rf8 {[%clk 00:11:49]} {[%emt 00:03:28]} 28.
Ref1 {[%clk 00:04:10]} {[%emt 00:00:31]} Bf5 {[%clk 00:07:16]} {[%emt
00:05:04]} 29. Rxf8 {[%clk 00:02:58]} {[%emt 00:01:41]} Rxf8 {[%clk 00:07:33]}
{[%emt 00:00:13]} 30. Re1 {[%clk 00:02:57]} {[%emt 00:00:31]} Re8 {[%clk
00:06:57]} {[%emt 00:01:06]} 31. Nf3 {[%clk 00:02:17]} {[%emt 00:01:10]}
1/2-1/2

[Event "XLIV Memoriał Szachowy Ludwika Zamenhofa 2025, Grupa B"]
[Site "Bialystok, Poland"]
[Date "2025.12.31"]
[Round "9.13"]
[White "Sucharski, Jakub"]
[Black "Zimny, Jakub"]
[Result "1/2-1/2"]
[TimeControl "90'+30\""]
[WhiteElo "1871"]
[BlackElo "1941"]

1. e4 {[%clk 01:28:15]} {[%emt 00:02:44]} c5 {[%clk 01:30:54]} {[%emt
00:00:07]} 2. Nf3 {[%clk 01:28:38]} {[%emt 00:00:06]} d6 {[%clk 01:31:14]}
{[%emt 00:00:10]} 3. d4 {[%clk 01:28:56]} {[%emt 00:00:12]} cxd4 {[%clk
01:31:25]} {[%emt 00:00:19]} 4. Nxd4 {[%clk 01:29:20]} {[%emt 00:00:07]} Nf6
{[%clk 01:31:48]} {[%emt 00:00:07]} 5. f3 {[%clk 01:28:14]} {[%emt 00:01:36]}
Nc6 {[%clk 01:32:07]} {[%emt 00:00:11]} 6. c4 {[%clk 01:27:51]} {[%emt
00:00:52]} e6 {[%clk 01:32:30]} {[%emt 00:00:08]} 7. Nc3 {[%clk 01:27:34]}
{[%emt 00:00:47]} Be7 {[%clk 01:32:53]} {[%emt 00:00:07]} 8. Be3 {[%clk
01:27:29]} {[%emt 00:00:35]} O-O {[%clk 01:33:13]} {[%emt 00:00:09]} 9. Qc2
{[%clk 01:21:51]} {[%emt 00:06:09]} d5 {[%clk 01:26:16]} {[%emt 00:07:27]} 10.
exd5 {[%clk 01:21:39]} {[%emt 00:00:42]} exd5 {[%clk 01:26:32]} {[%emt
00:00:14]} 11. O-O-O {[%clk 01:21:52]} {[%emt 00:00:16]} Bc5 {[%clk 01:20:16]}
{[%emt 00:06:47]} 12. Bg1 {[%clk 01:22:09]} {[%emt 00:00:13]} Nxd4 {[%clk
01:18:21]} {[%emt 00:02:25]} 13. Bxd4 {[%clk 01:22:26]} {[%emt 00:00:13]} Bxd4
{[%clk 01:18:38]} {[%emt 00:00:13]} 14. Rxd4 {[%clk 01:22:43]} {[%emt
00:00:12]} Qb6 {[%clk 01:18:48]} {[%emt 00:00:21]} 15. Qd2 {[%clk 01:20:59]}
{[%emt 00:02:14]} dxc4 {[%clk 01:16:23]} {[%emt 00:02:55]} 16. Bxc4 {[%clk
01:20:17]} {[%emt 00:01:12]} Bf5 {[%clk 01:16:29]} {[%emt 00:00:23]} 17. Rd1
{[%clk 01:16:29]} {[%emt 00:04:18]} Rac8 {[%clk 01:13:45]} {[%emt 00:03:14]} 18.
g4 {[%clk 01:15:04]} {[%emt 00:01:55]} Be6 {[%clk 01:14:07]} {[%emt 00:00:08]}
19. Rd6 {[%clk 01:13:15]} {[%emt 00:02:20]} Rc6 {[%clk 01:09:12]} {[%emt
00:05:24]} 20. Bxe6 {[%clk 01:11:24]} {[%emt 00:02:21]} fxe6 {[%clk 01:09:34]}
{[%emt 00:00:08]} 21. Kb1 {[%clk 01:02:54]} {[%emt 00:09:00]} Nd5 {[%clk
01:02:33]} {[%emt 00:07:32]} 22. Nxd5 {[%clk 01:00:56]} {[%emt 00:02:28]} Rxd6
{[%clk 01:02:07]} {[%emt 00:00:57]} 23. Nxb6 {[%clk 01:01:15]} {[%emt
00:00:11]} Rxd2 {[%clk 01:02:28]} {[%emt 00:00:08]} 24. Rxd2 {[%clk 01:01:40]}
{[%emt 00:00:05]} axb6 {[%clk 01:02:51]} {[%emt 00:00:06]} 25. Rd3 {[%clk
01:00:29]} {[%emt 00:01:41]} Rf4 {[%clk 00:40:40]} {[%emt 00:22:41]} 26. Kc2
{[%clk 00:43:47]} {[%emt 00:17:12]} Kf7 {[%clk 00:40:55]} {[%emt 00:00:16]} 27.
Rb3 {[%clk 00:42:36]} {[%emt 00:01:41]} Kf6 {[%clk 00:26:55]} {[%emt 00:14:30]}
28. Kd2 {[%clk 00:42:40]} {[%emt 00:00:26]} Rd4+ {[%clk 00:26:23]} {[%emt
00:01:02]} 29. Ke2 {[%clk 00:42:07]} {[%emt 00:01:03]} Rd6 {[%clk 00:26:31]}
{[%emt 00:00:22]} 30. Ke3 {[%clk 00:42:02]} {[%emt 00:00:35]} e5 {[%clk
00:26:01]} {[%emt 00:01:00]} 31. a4 {[%clk 00:37:40]} {[%emt 00:04:52]} Ke6
{[%clk 00:20:22]} {[%emt 00:06:09]} 32. h4 {[%clk 00:34:58]} {[%emt 00:03:12]}
g6 {[%clk 00:17:16]} {[%emt 00:03:36]} 33. a5 {[%clk 00:32:56]} {[%emt
00:02:31]} bxa5 {[%clk 00:17:25]} {[%emt 00:00:22]} 34. Rxb7 {[%clk 00:33:19]}
{[%emt 00:00:07]} Rd7 {[%clk 00:11:38]} {[%emt 00:06:17]} 35. Rb8 {[%clk
00:28:47]} {[%emt 00:05:01]} a4 {[%clk 00:10:00]} {[%emt 00:02:08]} 36. Rb4
{[%clk 00:13:47]} {[%emt 00:15:31]} Ra7 {[%clk 00:10:13]} {[%emt 00:00:17]} 37.
Ke4 {[%clk 00:12:41]} {[%emt 00:01:35]} a3 {[%clk 00:10:35]} {[%emt 00:00:09]}
38. Rb6+ {[%clk 00:13:06]} {[%emt 00:00:05]} Kf7 {[%clk 00:09:52]} {[%emt
00:01:13]} 39. bxa3 {[%clk 00:13:27]} {[%emt 00:00:09]} Rxa3 {[%clk 00:10:20]}
{[%emt 00:00:02]} 40. Rb7+ {[%clk 00:13:35]} {[%emt 00:00:22]} Ke6 {[%clk
00:10:30]} {[%emt 00:00:19]} 41. Rxh7 {[%clk 00:12:55]} {[%emt 00:01:10]} Ra4+
{[%clk 00:10:46]} {[%emt 00:00:15]} 42. Ke3 {[%clk 00:13:19]} {[%emt 00:00:06]}
Ra3+ {[%clk 00:07:02]} {[%emt 00:04:14]} 43. Kf2 {[%clk 00:13:42]} {[%emt
00:00:06]} Ra2+ {[%clk 00:07:24]} {[%emt 00:00:08]} 44. Kg3 {[%clk 00:14:07]}
{[%emt 00:00:05]} Ra3 {[%clk 00:07:50]} {[%emt 00:00:05]} 45. Rh8 {[%clk
00:13:33]} {[%emt 00:01:03]} Kf7 {[%clk 00:07:42]} {[%emt 00:00:39]} 46. Kf2
{[%clk 00:12:55]} {[%emt 00:01:07]} e4 {[%clk 00:07:22]} {[%emt 00:00:51]} 47.
fxe4 {[%clk 00:13:18]} {[%emt 00:00:07]} Kg7 {[%clk 00:07:44]} {[%emt
00:00:08]} 48. Rc8 {[%clk 00:12:41]} {[%emt 00:01:06]} Rh3 {[%clk 00:08:07]}
{[%emt 00:00:07]} 49. Rc7+ {[%clk 00:12:22]} {[%emt 00:00:49]} Kg8 {[%clk
00:08:19]} {[%emt 00:00:17]} 50. e5 {[%clk 00:11:43]} {[%emt 00:01:11]} Rxh4
{[%clk 00:08:37]} {[%emt 00:00:12]} 51. Kg3 {[%clk 00:11:58]} {[%emt 00:00:15]}
g5 {[%clk 00:08:18]} {[%emt 00:00:49]} 52. e6 {[%clk 00:10:10]} {[%emt
00:02:18]} Kf8 {[%clk 00:08:40]} {[%emt 00:00:08]} 53. Rf7+ {[%clk 00:10:14]}
{[%emt 00:00:25]} Ke8 {[%clk 00:09:00]} {[%emt 00:00:11]} 54. Rf5 {[%clk
00:07:07]} {[%emt 00:03:37]} Rh6 {[%clk 00:09:07]} {[%emt 00:00:23]} 55. Re5
{[%clk 00:07:27]} {[%emt 00:00:10]} Ke7 {[%clk 00:09:18]} {[%emt 00:00:19]} 56.
Kf3 {[%clk 00:07:51]} {[%emt 00:00:06]} Rf6+ {[%clk 00:09:30]} {[%emt
00:00:18]} 57. Ke3 {[%clk 00:08:07]} {[%emt 00:00:14]} Rf1 {[%clk 00:09:27]}
{[%emt 00:00:34]} 58. Re4 {[%clk 00:08:08]} {[%emt 00:00:28]} Rf6 {[%clk
00:09:25]} {[%emt 00:00:32]} 59. Re5 {[%clk 00:06:28]} {[%emt 00:02:09]} Rf1
{[%clk 00:09:44]} {[%emt 00:00:11]} 60. Rxg5 {[%clk 00:05:25]} {[%emt
00:01:33]} Kxe6 {[%clk 00:10:07]} {[%emt 00:00:08]} 61. Ra5 {[%clk 00:04:38]}
{[%emt 00:01:17]} Kf6 {[%emt 00:01:07]} 1/2-1/2